[Event "Police Gniota Memorial 30th"]
[Site "Police"]
[Date "2015.07.15"]
[Round "9"]
[White "Jacek, Roksana"]
[Black "Antolak, Julia"]
[Result "1/2-1/2"]
[WhiteElo "1904"]
[BlackElo "1974"]
[PlyCount "42"]
[EventDate "2015.07.08"]
[EventType "swiss"]
[EventRounds "9"]
[EventCountry "POL"]
[SourceTitle "CBM 167 Extra"]
[Source "ChessBase"]
[SourceDate "2015.09.14"]
[SourceVersion "1"]
[SourceVersionDate "2015.09.14"]
[SourceQuality "1"]

1. e4 c5 2. c3 d5 3. exd5 Qxd5 4. d4 Nc6 5. Nf3 Bf5 6. Be3 Nf6 7. Be2 cxd4 8. cxd4 Bxb1 9. Qxb1 e6 10. 0-0 Be7 11. a3 a5 12. Qc2 0-0 13. h3 Rac8 14. Qd3 Rfd8 15. Rfd1 h6 16. Rac1 Bd6 17. Nd2 Bc7 18. Nf3 Qd6 19. Qb5 Qd5 20. Qd3 Bb6 21. Qb1 Bc7 1/2-1/2

[Event "Olsztyn op U18 blitz"]
[Site "Olsztyn"]
[Date "2013.08.04"]
[Round "17"]
[White "Starczewska, Dominika"]
[Black "Jacek, Roksana"]
[Result "0-1"]
[WhiteElo "1680"]
[BlackElo "1938"]
[PlyCount "88"]
[EventDate "2013.08.03"]
[EventType "swiss (blitz)"]
[EventRounds "22"]
[EventCountry "POL"]
[SourceTitle "CBM 155 Extra"]
[Source "ChessBase"]
[SourceDate "2013.08.26"]
[SourceVersion "1"]
[SourceVersionDate "2013.08.26"]
[SourceQuality "1"]

1. e4 e6 2. Nf3 c5 3. c3 Nc6 4. d4 cxd4 5. cxd4 d5 6. exd5 Qxd5 7. Nc3 Bb4 8. a3 Bxc3+ 9. bxc3 Nf6 10. Bd3 0-0 11. 0-0 Re8 12. Bg5 Nd7 13. Qc2 h6 14. Bh4 e5 15. c4 Qa5 16. d5 Nd4 17. Qd1 Nxf3+ 18. Qxf3 Nc5 19. Bc2 Bd7 20. Qg3 Qb6 21. Rab1 Qd6 22. Qe3 f5 23. Rfe1 Rac8 24. f3 b6 25. Bf2 Nb7 26. Qd3 Na5 27. Rb4 Nb7 28. g4 g6 29. Bg3 f4 30. Bf2 Kg7 31. Qe4 h5 32. gxh5 Bf5 33. Qe2 gxh5 34. Kh1 Kh6 35. Rg1 Qf6 36. Qe1 Re7 37. Bh4 Qf7 38. Bxe7 Bxc2 39. Bh4 Re8 40. Bg5+ Kh7 41. Qh4 e4 42. Bxf4 exf3 43. Bd2 Be4 44. Qg5 f2+ 0-1

[Event "Olsztyn op U18 blitz"]
[Site "Olsztyn"]
[Date "2013.08.03"]
[Round "9"]
[White "Jacek, Roksana"]
[Black "Dziodzio, Angelika"]
[Result "0-1"]
[WhiteElo "1938"]
[BlackElo "1937"]
[PlyCount "60"]
[EventDate "2013.08.03"]
[EventType "swiss (blitz)"]
[EventRounds "22"]
[EventCountry "POL"]
[SourceTitle "CBM 155 Extra"]
[Source "ChessBase"]
[SourceDate "2013.08.26"]
[SourceVersion "1"]
[SourceVersionDate "2013.08.26"]
[SourceQuality "1"]

1. e4 c5 2. c3 d6 3. d4 Nf6 4. Bd3 Nc6 5. Ne2 g6 6. 0-0 Bg7 7. f4 0-0 8. Kh1 c4 9. Bc2 d5 10. e5 Ne8 11. Ng3 f5 12. exf6 exf6 13. f5 g5 14. Nh5 Nd6 15. h4 h6 16. Nxg7 Kxg7 17. hxg5 hxg5 18. Kg1 Rh8 19. Qg4 Rh4 20. Qg3 Nf7 21. Nd2 Qh8 22. Nf3 Rh1+ 23. Kf2 Rxf1+ 24. Kxf1 Qh1+ 25. Kf2 Qh5 26. Be3 Ne7 27. Nh2 Bxf5 28. Bxf5 Nxf5 29. Qc7 Qh4+ 30. Ke2 Re8 0-1

[Event "Olsztyn op U18 blitz"]
[Site "Olsztyn"]
[Date "2013.08.03"]
[Round "4"]
[White "Jacek, Roksana"]
[Black "Tarnowska, Aleksandra"]
[Result "1/2-1/2"]
[WhiteElo "1938"]
[BlackElo "1833"]
[PlyCount "85"]
[EventDate "2013.08.03"]
[EventType "swiss (blitz)"]
[EventRounds "22"]
[EventCountry "POL"]
[SourceTitle "CBM 155 Extra"]
[Source "ChessBase"]
[SourceDate "2013.08.26"]
[SourceVersion "1"]
[SourceVersionDate "2013.08.26"]
[SourceQuality "1"]

1. e4 c5 2. c3 d5 3. exd5 Qxd5 4. d4 Nf6 5. Nf3 e6 6. Be3 cxd4 7. cxd4 Be7 8. Nc3 Qd8 9. Bd3 0-0 10. 0-0 Nc6 11. a3 a6 12. Re1 b5 13. Qe2 Bb7 14. Rad1 Qd6 15. Bb1 b4 16. axb4 Nxb4 17. Ne5 Nbd5 18. Qd3 Nxc3 19. bxc3 Be4 20. Qd2 Bxb1 21. Rxb1 a5 22. c4 Nd7 23. c5 Qd5 24. Nxd7 Qxd7 25. Rb6 a4 26. Reb1 a3 27. c6 Qd6 28. Bf4 Qd5 29. c7 a2 30. Ra1 Rfc8 31. Be5 Bf6 32. Bxf6 gxf6 33. Qc3 Qd7 34. Rb7 Ra6 35. Rb8 Ra8 36. Rxa8 Rxa8 37. Rxa2 Rxa2 38. c8R+ Kg7 39. Qg3+ Kh6 40. Qh4+ Kg7 41. Qg3+ Kh6 42. Qe3+ Kg7 43. Qg3+ 1/2-1/2

[Event "Olsztyn op U18 rapid"]
[Site "Olsztyn"]
[Date "2013.08.01"]
[Round "3"]
[White "Lach, Aleksandra"]
[Black "Jacek, Roksana"]
[Result "1-0"]
[WhiteElo "2161"]
[BlackElo "1885"]
[PlyCount "83"]
[EventDate "2013.08.01"]
[EventType "swiss (rapid)"]
[EventRounds "11"]
[EventCountry "POL"]
[SourceTitle "CBM 155 Extra"]
[Source "ChessBase"]
[SourceDate "2013.08.26"]
[SourceVersion "1"]
[SourceVersionDate "2013.08.26"]
[SourceQuality "1"]

1. e4 e5 2. Nf3 Nc6 3. Bc4 Bc5 4. 0-0 Nf6 5. d3 d6 6. c3 h6 7. Bb3 0-0 8. Re1 a6 9. Nbd2 Be6 10. Nf1 Ne7 11. Ng3 Ng6 12. Bc2 c6 13. d4 Bb6 14. Nf5 Re8 15. h3 Bc7 16. dxe5 dxe5 17. Ng3 Qxd1 18. Rxd1 Bb6 19. Be3 Bxe3 20. fxe3 Rad8 21. b3 Nf8 22. Rxd8 Rxd8 23. Nxe5 Rd2 24. Rc1 N8d7 25. Nf3 Rxc2 26. Rxc2 Nc5 27. Nd2 Ncxe4 28. Ndxe4 Nxe4 29. Nxe4 Bf5 30. Rd2 Bxe4 31. Rd8+ Kh7 32. Rd7 b6 33. Rxf7 Bb1 34. a3 Ba2 35. Rb7 Bxb3 36. Rxb6 Bd5 37. Rxa6 Kg6 38. Rb6 Kf5 39. a4 Ke4 40. c4 Bxc4 41. Rxc6 Bd5 42. Rc3 1-0

[Event "Police Gniota Memorial 28th"]
[Site "Police"]
[Date "2013.07.17"]
[Round "8"]
[White "Jacek, Roksana"]
[Black "Maruszczak, Joanna"]
[Result "1-0"]
[WhiteElo "1835"]
[BlackElo "1824"]
[PlyCount "47"]
[EventDate "2013.07.10"]
[EventType "swiss"]
[EventRounds "9"]
[EventCountry "POL"]
[SourceTitle "CBM 155 Extra"]
[Source "ChessBase"]
[SourceDate "2013.08.26"]
[SourceVersion "1"]
[SourceVersionDate "2013.08.26"]
[SourceQuality "1"]

1. e4 d5 2. exd5 Qxd5 3. Nc3 Qa5 4. d4 Nf6 5. Bc4 Nc6 6. Nge2 Bg4 7. f3 Bh5 8. Bd2 0-0-0 9. a3 Nb8 10. Nb5 Qb6 11. a4 a5 12. b4 axb4 13. a5 Qa6 14. Bxb4 Qa8 15. Bc5 Nbd7 16. Bb6 Ne8 17. Nf4 Bg6 18. Nd5 e5 19. Bxc7 Nxc7 20. Nbxc7 Qa7 21. Nb5 Qb8 22. 0-0 exd4 23. a6 Bc5 24. a7 1-0

[Event "Police Gniota Memorial 28th"]
[Site "Police"]
[Date "2013.07.12"]
[Round "3"]
[White "Szadkowski, Kamil"]
[Black "Jacek, Roksana"]
[Result "1-0"]
[WhiteElo "2184"]
[BlackElo "1835"]
[PlyCount "81"]
[EventDate "2013.07.10"]
[EventType "swiss"]
[EventRounds "9"]
[EventCountry "POL"]
[SourceTitle "CBM 155 Extra"]
[Source "ChessBase"]
[SourceDate "2013.08.26"]
[SourceVersion "1"]
[SourceVersionDate "2013.08.26"]
[SourceQuality "1"]

1. c4 e5 2. g3 c6 3. d4 exd4 4. Qxd4 d5 5. Bg2 Nf6 6. Nc3 Be6 7. Bg5 Be7 8. cxd5 cxd5 9. Nf3 Nc6 10. Qa4 0-0 11. 0-0 h6 12. Be3 a6 13. Nd4 Ne5 14. Nxe6 fxe6 15. Bh3 Qd6 16. Rad1 Nc4 17. Bf4 e5 18. Nxd5 b5 19. Qb3 exf4 20. Nxf4 Qb8 21. Be6+ Rf7 22. Qc2 Qe8 23. b3 Ne5 24. Qf5 Nc6 25. e4 Nd8 26. Bxf7+ Nxf7 27. e5 Nh7 28. h4 Nf8 29. Nd5 Ra7 30. Rfe1 Bc5 31. b4 Be7 32. Qd3 Ne6 33. f4 Nc7 34. Nxe7+ Qxe7 35. e6 Nh8 36. Qd8+ Qe8 37. Rd7 Qxd8 38. Rxd8+ Kh7 39. Rd7 Ng6 40. e7 Ra8 41. Rxc7 1-0

[Event "Police Gniota Memorial 28th"]
[Site "Police"]
[Date "2013.07.11"]
[Round "2"]
[White "Yagupov, Igor"]
[Black "Jacek, Roksana"]
[Result "1-0"]
[WhiteElo "2389"]
[BlackElo "1835"]
[PlyCount "81"]
[EventDate "2013.07.10"]
[EventType "swiss"]
[EventRounds "9"]
[EventCountry "POL"]
[SourceTitle "CBM 155 Extra"]
[Source "ChessBase"]
[SourceDate "2013.08.26"]
[SourceVersion "1"]
[SourceVersionDate "2013.08.26"]
[SourceQuality "1"]

1. Nf3 Nf6 2. c4 g6 3. Nc3 Bg7 4. e4 d6 5. d4 0-0 6. Be2 Nbd7 7. 0-0 e5 8. Re1 exd4 9. Nxd4 Nc5 10. f3 h6 11. Be3 Re8 12. Qd2 Kh7 13. b4 Ne6 14. Nb3 Nh5 15. Rac1 Qh4 16. Bf2 Qd8 17. Bf1 Be5 18. Nd5 Nhf4 19. Kh1 c6 20. Nxf4 Nxf4 21. Be3 Qf6 22. g3 Ne6 23. f4 Bb2 24. Rc2 Ba3 25. b5 Nc5 26. Bd4 Qe6 27. Nxc5 Bxc5 28. bxc6 bxc6 29. Bxc5 dxc5 30. e5 Rb8 31. Qa5 Qf5 32. Rce2 Be6 33. Qxc5 Rb1 34. Qxc6 Bd7 35. Qf3 Rc8 36. Kg1 Rxc4 37. Rxb1 Qxb1 38. Qb3 Rc1 39. Qxf7+ Kh8 40. Qf8+ Kh7 41. Qe7+ 1-0

[Event "Police Gniota Memorial 28th"]
[Site "Police"]
[Date "2013.07.10"]
[Round "1"]
[White "Jacek, Roksana"]
[Black "Perske, Thore"]
[Result "1/2-1/2"]
[WhiteElo "1835"]
[BlackElo "2158"]
[PlyCount "98"]
[EventDate "2013.07.10"]
[EventType "swiss"]
[EventRounds "9"]
[EventCountry "POL"]
[SourceTitle "CBM 155 Extra"]
[Source "ChessBase"]
[SourceDate "2013.08.26"]
[SourceVersion "1"]
[SourceVersionDate "2013.08.26"]
[SourceQuality "1"]

1. e4 e6 2. Nf3 d5 3. Nc3 dxe4 4. Nxe4 Bd7 5. d4 Bc6 6. Ng3 Nf6 7. Be2 Nbd7 8. 0-0 Be7 9. c4 0-0 10. b3 Bxf3 11. Bxf3 c6 12. Bb2 Qa5 13. Qc2 Rfd8 14. Bc3 Bb4 15. Bxb4 Qxb4 16. Rfe1 a5 17. Rad1 a4 18. Re3 h6 19. Ne2 Nb6 20. Nf4 axb3 21. axb3 Ra3 22. Nh5 Nxh5 23. Bxh5 Qa5 24. Re5 Qb4 25. Re3 Ra5 26. Qe2 Nd7 27. d5 cxd5 28. cxd5 e5 29. Qc2 Qd6 30. Rc3 Nf8 31. Bf3 Raa8 32. Rc7 Rd7 33. Rxd7 Nxd7 34. Rc1 Nb6 35. g3 Rc8 36. Qd2 Rxc1+ 37. Qxc1 Kf8 38. Qc2 Ke7 39. Qh7 Qf6 40. d6+ Kxd6 41. Bxb7 Nd7 42. Qe4 Kc7 43. Bd5 Nb6 44. Qc2+ Kd7 45. Qc5 Nxd5 46. Qxd5+ Kc7 47. Kg2 Qc6 48. Qf3 Qe6 49. Kg1 Kb6 1/2-1/2

[Event "Lazy op 9th"]
[Site "Lazy"]
[Date "2013.07.04"]
[Round "5"]
[White "Jacek, Roksana"]
[Black "Ivanova, Karina"]
[Result "1-0"]
[WhiteElo "1835"]
[BlackElo "2014"]
[PlyCount "69"]
[EventDate "2013.06.30"]
[EventType "swiss"]
[EventRounds "9"]
[EventCountry "POL"]
[SourceTitle "CBM 155 Extra"]
[Source "ChessBase"]
[SourceDate "2013.08.26"]
[SourceVersion "1"]
[SourceVersionDate "2013.08.26"]
[SourceQuality "1"]

1. e4 e6 2. Nf3 d5 3. Nc3 dxe4 4. Nxe4 Bd7 5. d4 Bc6 6. Ng3 Nd7 7. Bd3 Ngf6 8. 0-0 Be7 9. c4 0-0 10. b3 b6 11. Bb2 Bb7 12. Qe2 c5 13. Rad1 cxd4 14. Nxd4 Re8 15. Bb1 Qc7 16. Ne4 Nc5 17. f3 Nfxe4 18. fxe4 e5 19. Qh5 f6 20. Nf5 Nxe4 21. Qg4 Bc5+ 22. Kh1 Nf2+ 23. Rxf2 Bxf2 24. Rd7 Qxd7 25. Nh6+ Kf8 26. Qxd7 Re7 27. Qd2 gxh6 28. Qxf2 Kg8 29. Bf5 Rd8 30. h4 Rd1+ 31. Kh2 Kh8 32. Bg4 Rd6 33. Ba3 Rde6 34. Bxe6 Rxe6 35. Qf5 1-0

[Event "Miedzyzdroje op 3rd"]
[Site "Miedzyzdroje"]
[Date "2013.05.01"]
[Round "5"]
[White "Stankiewicz, Pawel"]
[Black "Jacek, Roksana"]
[Result "1-0"]
[WhiteElo "2074"]
[BlackElo "1836"]
[PlyCount "51"]
[EventDate "2013.04.27"]
[EventType "swiss"]
[EventRounds "9"]
[EventCountry "POL"]
[SourceTitle "CBM 154 Extra"]
[Source "ChessBase"]
[SourceDate "2013.06.25"]
[SourceVersion "2"]
[SourceVersionDate "2013.06.25"]
[SourceQuality "1"]

1. b3 e5 2. Bb2 Nc6 3. e3 d5 4. Nf3 Bd6 5. Bb5 Qe7 6. c4 Nf6 7. c5 Bxc5 8. Nxe5 Qd6 9. 0-0 0-0 10. d4 Bb4 11. a3 Ba5 12. Bxc6 bxc6 13. Qc2 Ng4 14. b4 Bb6 15. Qxc6 Nxe5 16. Qxd6 cxd6 17. dxe5 dxe5 18. Bxe5 Ba6 19. Rc1 Rac8 20. Nd2 f6 21. Bb2 f5 22. Be5 Rfe8 23. Nf3 g5 24. Bd4 Bc4 25. Bxb6 axb6 26. Nxg5 1-0

[Event "POL-ch U18 Girls"]
[Site "Szczyrk"]
[Date "2013.??.??"]
[Round "6"]
[White "Jacek, Roksana"]
[Black "Rykala, Monika"]
[Result "0-1"]
[WhiteElo "1864"]
[BlackElo "1874"]
[PlyCount "76"]
[EventDate "2013.03.17"]
[EventType "swiss"]
[EventRounds "9"]
[EventCountry "POL"]
[SourceTitle "CBM 153 Extra"]
[Source "ChessBase"]
[SourceDate "2013.04.22"]
[SourceVersion "1"]
[SourceVersionDate "2013.04.22"]
[SourceQuality "1"]

1. e4 c5 2. c3 Nf6 3. e5 Nd5 4. d4 cxd4 5. Nf3 d6 6. Bc4 e6 7. cxd4 Nc6 8. 0-0 Be7 9. Qe2 0-0 10. Rd1 Bd7 11. Qe4 Rc8 12. exd6 Bxd6 13. Bg5 Qb6 14. Nbd2 f5 15. Qh4 Na5 16. b3 a6 17. Re1 Rfe8 18. Ne5 Bxe5 19. dxe5 Qc7 20. Rac1 Nc6 21. Nf3 Nde7 22. Qg3 b5 23. Bd3 Nd5 24. h4 Kh8 25. h5 Rf8 26. Qh3 Be8 27. Bd2 Qf7 28. Ng5 Qe7 29. Bb1 h6 30. Nf3 Qf7 31. Nd4 Bd7 32. Nxc6 Bxc6 33. Bd3 Rfd8 34. Ba5 Nf4 35. Qe3 Nxg2 36. Qe2 Nf4 37. Qe3 Rxd3 38. Qxf4 Qxh5 0-1

[Event "POL-ch U18 Girls"]
[Site "Szczyrk"]
[Date "2013.??.??"]
[Round "4"]
[White "Larysz, Anna"]
[Black "Jacek, Roksana"]
[Result "0-1"]
[WhiteElo "1515"]
[BlackElo "1864"]
[PlyCount "74"]
[EventDate "2013.03.17"]
[EventType "swiss"]
[EventRounds "9"]
[EventCountry "POL"]
[SourceTitle "CBM 153 Extra"]
[Source "ChessBase"]
[SourceDate "2013.04.22"]
[SourceVersion "1"]
[SourceVersionDate "2013.04.22"]
[SourceQuality "1"]

1. d4 Nf6 2. b3 g6 3. Bb2 Bg7 4. Nf3 0-0 5. e3 d6 6. c4 Nbd7 7. d5 Nc5 8. Nc3 a5 9. Be2 c6 10. Qd2 Qb6 11. 0-0 a4 12. bxa4 Nfe4 13. Qc1 Bf5 14. Nd2 Nxc3 15. Bxc3 cxd5 16. Bxg7 Kxg7 17. cxd5 Rxa4 18. f3 Kg8 19. g4 Nd3 20. Bxd3 Qxe3+ 21. Kg2 Bxd3 22. Re1 Qg5 23. Qb2 Qxd5 24. Rxe7 Rxg4+ 25. Kf2 Qc5+ 26. Re3 Rg2+ 27. Kxg2 Qxe3 28. Nf1 Qg5+ 29. Ng3 h5 30. Rd1 Ba6 31. Kf2 Qf4 32. Rd4 Qe5 33. Qd2 Qb5 34. Rd5 Qb1 35. Rxd6 h4 36. Ne2 Re8 37. Rd8 Qb6+ 0-1

[Event "POL-chT U19 2nd League"]
[Site "Borowice"]
[Date "2012.07.26"]
[Round "8"]
[White "Jacek, Roksana"]
[Black "Nun, Grzegorz"]
[Result "1-0"]
[WhiteElo "1861"]
[BlackElo "1726"]
[PlyCount "71"]
[EventDate "2012.07.21"]
[EventType "team-swiss"]
[EventRounds "11"]
[EventCountry "POL"]
[SourceTitle "EXT 2014"]
[Source "ChessBase"]
[SourceDate "2013.11.20"]
[SourceVersion "1"]
[SourceVersionDate "2013.11.20"]
[SourceQuality "1"]
[WhiteTeam "Szczecin Gryf U19"]
[BlackTeam "Kozuchow Odrodzenie U19"]
[WhiteTeamCountry "POL"]
[BlackTeamCountry "POL"]

1. e4 c5 2. c3 Nf6 3. e5 Nd5 4. d4 cxd4 5. cxd4 Nc6 6. Bc4 Nb6 7. Bb3 d5 8. h3 Bf5 9. Nf3 h6 10. Nh4 Bxb1 11. Rxb1 e6 12. Nf3 Bb4+ 13. Bd2 Qe7 14. a3 Bxd2+ 15. Qxd2 Nc4 16. Qd3 Nb6 17. 0-0 0-0-0 18. Rfc1 Kb8 19. Qb5 Qd7 20. a4 Ne7 21. Qd3 Nxa4 22. Ra1 Nb6 23. Rc5 g5 24. Bd1 Rdg8 25. Qa3 Nc6 26. b4 Nc4 27. Qa2 g4 28. hxg4 Rxg4 29. b5 N6a5 30. Rxc4 dxc4 31. Qxa5 b6 32. Qb4 Rhg8 33. g3 R4g7 34. Qxc4 Rc8 35. Qb4 Rc7 36. Qf8+ 1-0

[Event "POL-chT U19 2nd League"]
[Site "Borowice"]
[Date "2012.07.23"]
[Round "3"]
[White "Wyslobocki, Patryk"]
[Black "Jacek, Roksana"]
[Result "1-0"]
[WhiteElo "1702"]
[BlackElo "1861"]
[PlyCount "89"]
[EventDate "2012.07.21"]
[EventType "team-swiss"]
[EventRounds "11"]
[EventCountry "POL"]
[SourceTitle "EXT 2014"]
[Source "ChessBase"]
[SourceDate "2013.11.20"]
[SourceVersion "1"]
[SourceVersionDate "2013.11.20"]
[SourceQuality "1"]
[WhiteTeam "Zielona Gora KS 64 U19"]
[BlackTeam "Szczecin Gryf U19"]
[WhiteTeamCountry "POL"]
[BlackTeamCountry "POL"]

1. e4 e5 2. Nf3 Nc6 3. d4 exd4 4. Nxd4 Nf6 5. Nxc6 bxc6 6. e5 Qe7 7. Qe2 Nd5 8. c4 Nb6 9. Nc3 d6 10. exd6 cxd6 11. Qxe7+ Bxe7 12. Bd3 0-0 13. 0-0 Ba6 14. Re1 Bf6 15. Ne4 Bxc4 16. Nxf6+ gxf6 17. Bxc4 Nxc4 18. Re4 Rfe8 19. Rg4+ Kh8 20. Bh6 Ne5 21. Bg7+ Kg8 22. Rg3 Ng6 23. Bxf6 Re6 24. Bc3 Rae8 25. f4 f5 26. Rg5 Re2 27. h4 Kf7 28. Rxf5+ Ke6 29. Rf6+ Ke7 30. Kf1 Re3 31. Re1 Rxe1+ 32. Kxe1 Nxh4 33. Kf2 Ng6 34. f5 Nf4 35. Rh6 Nd3+ 36. Kf3 Ne5+ 37. Bxe5 dxe5 38. Re6+ Kd7 39. Rxe8 Kxe8 40. Ke4 h5 41. Kxe5 Kf7 42. b4 h4 43. a3 a6 44. f6 Kf8 45. Ke6 1-0

[Event "Police Gniota Memorial 27th"]
[Site "Police"]
[Date "2012.07.11"]
[Round "3"]
[White "Malisauskas, Vidmantas"]
[Black "Jacek, Roksana"]
[Result "1-0"]
[WhiteElo "2460"]
[BlackElo "1861"]
[PlyCount "73"]
[EventDate "2012.07.11"]
[EventType "swiss"]
[EventRounds "9"]
[EventCountry "POL"]
[SourceTitle "CBM 149 Extra"]
[Source "ChessBase"]
[SourceDate "2012.08.24"]
[SourceVersion "1"]
[SourceVersionDate "2012.08.24"]
[SourceQuality "1"]

1. c4 e5 2. Nc3 Nc6 3. g3 g6 4. Bg2 Bg7 5. d3 d6 6. Rb1 f5 7. b4 Nf6 8. e3 0-0 9. b5 Ne7 10. Nge2 h6 11. 0-0 g5 12. f4 exf4 13. exf4 g4 14. Re1 Re8 15. Be3 Kh7 16. Bf2 d5 17. Qc2 c6 18. bxc6 bxc6 19. Nd4 a5 20. cxd5 cxd5 21. Ncb5 Bd7 22. Nd6 Rg8 23. Qe2 Bf8 24. Ne6 Bxe6 25. Qxe6 Ra6 26. Qxf6 Rxd6 27. Qe5 Qd7 28. Bc5 Ng6 29. Qe8 Bg7 30. Qxd7 Rxd7 31. d4 Bf6 32. Bf1 Be7 33. Bd3 Rf8 34. Re6 Rc7 35. Rb5 a4 36. Kf2 Kg7 37. Rbb6 1-0

[Event "Koszalin op"]
[Site "Koszalin"]
[Date "2012.??.??"]
[Round "6"]
[White "Jacek, Roksana"]
[Black "Jacek, Krystian"]
[Result "0-1"]
[WhiteElo "1837"]
[BlackElo "2126"]
[PlyCount "62"]
[EventDate "2012.01.06"]
[EventType "swiss"]
[EventRounds "9"]
[EventCountry "POL"]
[SourceTitle "CBM 146 Extra"]
[Source "ChessBase"]
[SourceDate "2012.02.29"]
[SourceVersion "1"]
[SourceVersionDate "2012.02.29"]
[SourceQuality "1"]

1. e4 g6 2. d4 Bg7 3. Nf3 d6 4. Bd3 e5 5. Be3 Nc6 6. c3 Nf6 7. Nbd2 0-0 8. 0-0 h6 9. Bb5 Ng4 10. Nc4 Nxe3 11. fxe3 Qe7 12. Ncd2 Bg4 13. Qe1 Bd7 14. a4 Rae8 15. Bc4 Kh7 16. Qg3 a6 17. b4 Nd8 18. a5 f5 19. Nh4 Qg5 20. Qxg5 hxg5 21. Nhf3 g4 22. Ne1 f4 23. exf4 exd4 24. e5 dxe5 25. cxd4 exf4 26. Nb3 Nc6 27. Nc2 Bf5 28. Na3 Nxd4 29. Rad1 Ne2+ 30. Kh1 f3 31. Bd5 Nc3 0-1

[Event "Koszalin op"]
[Site "Koszalin"]
[Date "2012.??.??"]
[Round "7"]
[White "Narkun, Michal"]
[Black "Jacek, Roksana"]
[Result "1/2-1/2"]
[WhiteElo "1877"]
[BlackElo "1837"]
[PlyCount "85"]
[EventDate "2012.01.06"]
[EventType "swiss"]
[EventRounds "9"]
[EventCountry "POL"]
[SourceTitle "CBM 146 Extra"]
[Source "ChessBase"]
[SourceDate "2012.02.29"]
[SourceVersion "1"]
[SourceVersionDate "2012.02.29"]
[SourceQuality "1"]

1. d4 Nf6 2. c4 c5 3. d5 b5 4. cxb5 a6 5. Nc3 axb5 6. e4 b4 7. Nb5 d6 8. Bf4 Nbd7 9. Bc4 Qa5 10. Qe2 g6 11. Nf3 Bg7 12. e5 Nxe5 13. Nxe5 dxe5 14. d6 0-0 15. dxe7 exf4 16. exf8Q+ Kxf8 17. 0-0 Bg4 18. Qe5 f3 19. Rfe1 Kg8 20. Qe7 Rf8 21. Nd6 h6 22. h3 Bd7 23. g4 Qa8 24. Rad1 Kh7 25. Nxf7 Re8 26. Qd6 Re4 27. Ne5 Be8 28. Bd3 Rd4 29. Qxc5 Rd5 30. Qe7 Qb8 31. Nxf3 Qf4 32. Qe3 Qd6 33. Be2 Bc6 34. Nh4 Ne4 35. Bf3 Bd4 36. Qxe4 Qg3+ 37. Bg2 Bxf2+ 38. Kh1 Rxd1 39. Qxg6+ Kh8 40. Qxh6+ Kg8 41. Qg6+ Kh8 42. Qh6+ Kg8 43. Qg6+ 1/2-1/2

[Event "Warsaw Najdorf Memorial op-B"]
[Site "Warsaw"]
[Date "2011.07.21"]
[Round "9"]
[White "Pastuszko, Kinga"]
[Black "Jacek, Roksana"]
[Result "1/2-1/2"]
[WhiteElo "1895"]
[BlackElo "1807"]
[PlyCount "66"]
[EventDate "2011.07.14"]
[EventType "swiss"]
[EventRounds "9"]
[EventCountry "POL"]
[SourceTitle "EXT 2012"]
[Source "ChessBase"]
[SourceDate "2011.11.24"]
[SourceVersion "1"]
[SourceVersionDate "2011.11.24"]
[SourceQuality "1"]

1. e4 e5 2. Nf3 Nc6 3. d4 exd4 4. Bc4 Nf6 5. e5 d5 6. Bb5 Ne4 7. Nxd4 Bd7 8. Bxc6 bxc6 9. 0-0 Be7 10. f3 Nc5 11. f4 0-0 12. f5 Bg5 13. Nd2 Be3+ 14. Kh1 Bxd4 15. Nf3 Bxe5 16. Nxe5 f6 17. Nd3 Ne4 18. Be3 Qe7 19. Qf3 Rfe8 20. Rae1 Qf7 21. Nc5 Nd6 22. g4 Nc4 23. b3 Nxe3 24. Rxe3 Rxe3 25. Qxe3 Re8 26. Qg3 Bc8 27. Re1 Rxe1+ 28. Qxe1 Kf8 29. Qb4 Qe7 30. Qb8 Qe1+ 31. Kg2 Qe2+ 32. Kg3 Qe3+ 33. Kg2 Qe2+ 1/2-1/2

[Event "Warsaw Najdorf Memorial op-B"]
[Site "Warsaw"]
[Date "2011.07.20"]
[Round "8"]
[White "Jacek, Roksana"]
[Black "Januszkiewicz, Wojciech"]
[Result "1-0"]
[WhiteElo "1807"]
[BlackElo "1749"]
[PlyCount "91"]
[EventDate "2011.07.14"]
[EventType "swiss"]
[EventRounds "9"]
[EventCountry "POL"]
[SourceTitle "EXT 2012"]
[Source "ChessBase"]
[SourceDate "2011.11.24"]
[SourceVersion "1"]
[SourceVersionDate "2011.11.24"]
[SourceQuality "1"]

1. e4 c5 2. c3 d5 3. exd5 Qxd5 4. d4 Nf6 5. Nf3 e6 6. Be3 cxd4 7. cxd4 Nc6 8. Nc3 Qd8 9. a3 Be7 10. Bd3 0-0 11. 0-0 b6 12. Qe2 Bb7 13. Rad1 Re8 14. Bb1 Nd5 15. Ne4 a5 16. Neg5 g6 17. Ne4 a4 18. Bd3 Na5 19. Ne5 f6 20. Nf3 Qd7 21. h4 Nb3 22. g4 e5 23. Kh2 exd4 24. Nxd4 Nxd4 25. Bxd4 Bd6+ 26. Kg1 f5 27. gxf5 gxf5 28. Qh5 fxe4 29. Bb5 Qxb5 30. Kh1 Kf8 31. Qxh7 Re7 32. Qh8+ Kf7 33. Qh5+ Ke6 34. Qg4+ Kf7 35. Rg1 Ke8 36. Qf5 Kd8 37. Rg8+ Kc7 38. Rc1+ Bc5 39. Be5+ Rxe5 40. Qxe5+ Kd7 41. Rg7+ Be7 42. Rxe7+ Nxe7 43. Qxb5+ Bc6 44. Rd1+ Ke6 45. Qc4+ Bd5 46. Rxd5 1-0

[Event "Warsaw Najdorf Memorial op-B"]
[Site "Warsaw"]
[Date "2011.07.16"]
[Round "3"]
[White "Golebiewski, Marek"]
[Black "Jacek, Roksana"]
[Result "0-1"]
[WhiteElo "1665"]
[BlackElo "1807"]
[PlyCount "84"]
[EventDate "2011.07.14"]
[EventType "swiss"]
[EventRounds "9"]
[EventCountry "POL"]
[SourceTitle "EXT 2012"]
[Source "ChessBase"]
[SourceDate "2011.11.24"]
[SourceVersion "1"]
[SourceVersionDate "2011.11.24"]
[SourceQuality "1"]

1. e4 e5 2. Nf3 Nc6 3. Nc3 Nf6 4. a3 Bc5 5. Bc4 d6 6. h3 0-0 7. 0-0 Be6 8. Bd5 Bxd5 9. exd5 Nd4 10. d3 h6 11. Nd2 c6 12. dxc6 bxc6 13. Na4 Bb6 14. Nxb6 axb6 15. Ne4 d5 16. Nxf6+ Qxf6 17. Be3 Ne6 18. b3 Ra6 19. a4 Rfa8 20. c4 d4 21. Bc1 b5 22. cxb5 cxb5 23. Qc2 Qe7 24. Bb2 bxa4 25. Rxa4 Rxa4 26. bxa4 Nf4 27. Bc1 Nd5 28. Qc6 Qd8 29. Bd2 Rc8 30. Qb5 Rc2 31. Ba5 Qd6 32. Rb1 Kh7 33. Qe8 Qf6 34. Rf1 Nf4 35. Qa8 Ne2+ 36. Kh2 Qf4+ 37. Kh1 Ng3+ 38. fxg3 Qxf1+ 39. Kh2 Qxd3 40. Qd5 Qf5 41. Bb6 Qe6 42. Qb7 Qc6 0-1